000 00254nam a2200109Ia 4500
005 20251222155047.0
008 251222s9999||||xx |||||||||||||| ||spa||
082 _aADM.68
245 0 _aCódigo de ética y deontología
264 _bNo tiene
942 _cLIB
999 _c37150
_d37150